| 000 | 00636nam a22002297a 4500 | ||
|---|---|---|---|
| 003 | OSt | ||
| 005 | 20220107122756.0 | ||
| 008 | 150107b xxu||||| |||| 00| 0 eng d | ||
| 020 | _a9788131521861 | ||
| 040 | _cIIITM-K | ||
| 082 | _a620.001 1 KHI/S | ||
| 100 |
_aKhisty, C. Jotin _95937 |
||
| 245 | _aSystems Engineering: With economics, probability and satatistics | ||
| 250 | _a2nd ed. | ||
| 260 |
_aIndia _bCengage _c2014 |
||
| 300 | _axix, 600p. | ||
| 650 |
_aENGINEERING ECONOMICS _95938 |
||
| 650 |
_aSYSTEMS ENGINEERING _95939 |
||
| 700 |
_aMohammadi, Jamshid _95943 |
||
| 700 |
_aAmekudzi, Adjo A. _95944 |
||
| 942 |
_2ddc _cBK |
||
| 999 |
_c4497 _d4497 |
||